| 000 | 00597nam a2200217Ia 4500 | ||
|---|---|---|---|
| 005 | 20240313094924.0 | ||
| 008 | 131103s9999 xx 000 0 und d | ||
| 040 | _aLoreto College | ||
| 041 | _aEnglish | ||
| 082 |
_a371.95 _bDEH |
||
| 100 | _aDehaan,Robert F. | ||
| 245 |
_aAccelerated Learning Programs, _cRobert F.Dehaan |
||
| 260 |
_aDelhi _bPrentice Hall Of India _c1965 |
||
| 300 | _aviii,120 p. | ||
| 440 | _aThe Library Of Education | ||
| 504 | _aIncludes bibliography and index | ||
| 650 | _aSpecial Education | ||
| 651 | _aGifted Students | ||
| 850 | _aLCLIB | ||
| 942 | _cBK | ||
| 999 |
_c10471 _d60950 |
||